| 000 | 00729nam a2200241Ia 4500 | ||
|---|---|---|---|
| 003 | OSt | ||
| 005 | 20220925212502.0 | ||
| 006 | a|||||r|||| 00| 0 | ||
| 007 | ta | ||
| 008 | 220923b |||||||| |||| 00| 0 eng d | ||
| 020 |
_a004330348X _cPd 7.95 |
||
| 037 |
_b30414dt, 08/01/1986, IBD _cGeneral Book |
||
| 040 |
_aRTL _cRTL _beng |
||
| 041 |
_2eng _aeng |
||
| 082 | _aX9.3.N, M5 | ||
| 100 |
_aMOKYR Joel Ed. _9244904 |
||
| 245 | 0 | _aEconomics of the industrial revolution. | |
| 260 |
_aLondon _bAllen & Unwin UK _c1985 |
||
| 300 |
_axi, 267p. Bib p 241-59 _ccm. |
||
| 650 | _aIndustrial Economics | ||
| 942 |
_hX9.3.N, M5 _cGB _2CC |
||
| 999 |
_c560492 _d560492 |
||